Quizzes
Events
Quiz Creation
Community
Videos
Private Events
Remove Ads
Sign In
Join for FREE
Feedback
Dark Mode
Quiz Categories
Sports
Geography
Music
Movies
Television
Just For Fun
Miscellaneous
History
Literature
Language
Science
Gaming
Entertainment
Religion
Holiday
For Kids
Quiz Lab
Recent
Popular Today
Quiz Kudos Today
Editor Picks
Curator Picks
Quizzes by...
Day
Popularity
Type
Ratings
Length
Year
Community
Subscriptions
Recent Discussions
Orange Saloon
Badges
Playlists
Quests
Create
Leaderboards
Showdown
Live 5
Trivia Bingo
Activity
Puzzle Library
Sporcle Events
Private Events
Virtual Trivia
Globe League
Become a Host
Pub Owners
SporcleCon
Opinionation
Our Games
Videos
Blog
Mobile Apps
Partnerships
Remove Ads and Go Orange
Feedback
Music
Pop Music
The Beatles
Song
Album
Lyrics
Bands
Singers
Artist
Clip
Rock
Rap
Classical
Billboard
Country Music
Kpop
Taylor Swift
Music
Pop Music
The Beatles
Song
Album
Lyrics
Bands
Singers
Artist
Clip
Rock
Rap
Classical
Billboard
Country Music
Kpop
Taylor Swift
Random Quiz
Search Sporcle
×
Quiz Lab
Quiz Lab
Music
Album
Type in answers that appear in a list
Type in answers that appear in a list
Classic
Best Score? Go Orange.
Frank Zappa - Albums Stats
Can you name all albums released by Frank Zappa?
By
Metalmarsh89
15m
142 Questions
351 Plays
351 Plays
351 Plays
Comments
Comments
Give Quiz Kudos
Give Quiz Kudos
-
- Ratings
hide this ad
More Info
Replay
Link that replays current quiz
Next Quiz
Link to next quiz in quiz playlist
You Got
0%
They Got
Avg Score
56%
Avg Friend Score
Upgrade to see
Score Distribution
Jump to the score distribution portion of the page
Score
0/142
Timer
15:00
0
Plays Today
Year
Album
% Correct
-
-
-
-
-
-
-
Posthumous Albums
100%
1966
Freak Out!
93.2%
1969
Hot Rats
90.6%
1968
We're Only in It for the Money
90%
1967
Absolutely Free
87.5%
1967
Lumpy Gravy
87.5%
1970
Weasels Ripped My Flesh
87.5%
1969
Uncle Meat
86.3%
1974
Apostrophe
86.3%
1979
Sheik Yerbouti
86.3%
1979
Joe's Garage Act I
85.8%
1979
Joe's Garage Acts II & III
85.8%
1987
Joe's Garage Acts I, II & III
85.8%
1972
The Grand Wazoo
84.6%
1971
200 Motels
84.3%
1975
Bongo Fury
82.3%
1970
Chunga's Revenge
81.5%
1972
Waka/Jawaka
81.5%
1975
One Size Fits All
81.5%
1976
Zoot Allures
81.5%
1973
Over-Nite Sensation
80.6%
1981
Shut Up 'n Play Yer Guitar
80.3%
1981
Shut Up 'n Play Yer Guitar Some More
80.3%
1981
Return of the Son of Shut Up 'n Play Yer Guitar
80.3%
1982
Shut Up 'n Play Yer Guitar [Box Set]
80.3%
1968
Cruising with Ruben & the Jets
80.1%
1970
Burnt Weeny Sandwich
80.1%
1988
You Can't Do That on Stage Anymore, Vol. 1
80.1%
1988
You Can't Do That on Stage Anymore, Vol. 2
80.1%
1989
You Can't Do That on Stage Anymore, Vol. 3
80.1%
1991
You Can't Do That on Stage Anymore, Vol. 4
80.1%
1992
You Can't Do That on Stage Anymore, Vol. 5
80.1%
1992
You Can't Do That on Stage Anymore, Vol. 6
80.1%
1974
Roxy & Elsewhere
79.5%
1978
Studio Tan
79.5%
1988
You Can't Do That on Stage Anymore, Sampler
79.5%
1981
You Are What You Is
79.2%
1979
Sleep Dirt
78.6%
1982
Ship Arriving Too Late to Save a Drowning Witch
78.3%
1969
Mothermania: The Best of the Mothers
77.5%
1993
The Yellow Shark
76.1%
1978
Zappa in New York
75.8%
1972
Just Another Band from L.A.
74.4%
1983
The Man from Utopia
74.4%
1981
Tinsel Town Rebellion
73.8%
1986
Jazz from Hell
73.5%
1984
Thing-Fish
72.6%
1979
Orchestral Favorites
71.5%
Year
Album
% Correct
1971
Fillmore East - June 1971
71.2%
1983
Baby Snakes
69.8%
1996
Läther
69.2%
1988
Guitar
68.1%
1985
Frank Zappa Meets the Mothers of Prevention
67.8%
1988
Broadway the Hard Way
67%
1984
Francesco Zappa
66.7%
1991
Make a Jazz Noise Here
66.7%
1983
London Symphony Orchestra, Vol. I
65.2%
1987
London Symphony Orchestra, Vol. II
65.2%
1995
London Symphony Orchestra Vol. I & II
65.2%
1984
Them or Us
64.7%
1984
Boulez Conducts Zappa: The Perfect Stranger
64.4%
1986
Does Humor Belong in Music?
61.3%
1991
The Best Band You Never Heard in Your Life
60.7%
1993
Ahead of Their Time
59%
1992
Playground Psychotics
58.4%
2004
Joe's Corsage
58.1%
1991
As an Am [Beat the Boots Series]
57.3%
1991
The Ark [Beat the Boots Series]
57.3%
1991
'Tis the Season to Be Jelly [Beat the Boots Series]
57.3%
1991
Saarbrucken 1978 [Beat the Boots Series]
57.3%
1991
Unmitigated Audacity [Beat the Boots Series]
57%
1991
Freaks & Mother******s! [Beat the Boots Series]
57%
1991
Anyway the Wind Blows [Beat the Boots Series]
57%
1991
Piquantique - Stockholm 1973 [Beat the Boots Series]
57%
1991
Beat the Boots I [Box Set]
56.7%
1992
Beat the Boots II [Box Set]
56.7%
2009
Beat the Boots III [Box Set]
56.7%
1994
Civilization Phaze III
56.4%
2007
Buffalo
54.1%
2004
Joe's Domage
53.8%
1984
The Old Masters, Box I
53.6%
1986
The Old Masters, Box II
53.6%
1987
The Old Masters, Box III
53.6%
1995
Strictly Commercial
52.1%
2005
Joe's XMASage
51.9%
2003
Halloween
51%
1997
Have I Offended Someone?
50.7%
2007
Wazoo
50.1%
1996
The Lost Episodes
49%
2002
FZ:OZ
47.9%
2006
Trance-Fusion
47.3%
2008
Joe's Menage
46.7%
1998
Mystery Disc
46.2%
2014
Roxy by Proxy
46.2%
2009
Philly '76
44.7%
1999
Everything Is Healing Nicely
42.5%
Year
Album
% Correct
2006
Imaginary Diseases
41.9%
2015
Dance Me This
41.1%
1996
Frank Zappa Plays the Music of Frank Zappa: A Memorial Tribute
40.2%
1997
Strictly Genteel
39.6%
1998
Cheap Thrills
39.3%
2007
The Dub Room Special!
38.2%
2012
Road Tapes, Venue 1
37.3%
2013
Road Tapes, Venue 2
37.3%
2006
The MOFO Project/Object [2-CD]
37%
2006
The MOFO Project/Object [4-CD]
37%
2014
Joe's Camouflage
36.5%
2015
Roxy - The Movie
36%
2011
Carnegie Hall
35.9%
1992
At the Circus [Beat the Boots II Series]
35.9%
2008
One Shot Deal
35.3%
1992
Conceptual Continuity [Beat the Boots II Series]
35.3%
2015
200 Motels: The Suites (as performed by Los Angeles Philharmonic)
35.3%
1992
Electric Aunt Jemima [Beat the Boots II Series]
35%
1992
Our Man in Nirvana [Beat the Boots II Series]
34.5%
2010
Greasy Love Songs
33.9%
2013
A Token of His Extreme
33.3%
2010
Hammersmith Odeon
32.8%
1999
Son of Cheap Thrills
32.8%
2004
Quaudiophiliac
32.5%
2009
The Lumpy Money Project/Object
32.5%
1992
Disconnected Synapses [Beat the Boots II Series]
32.2%
2004
The Best of Frank Zappa
31.3%
1985
We're Only in It For the Money/Lumpy Gravy [Box Set Reissue]
29.6%
1992
Tengo Na Minchia Tanta [Beat the Boots II Series]
28.5%
2012
Understanding America
27.9%
1992
Swiss Cheese/Fire!
27.9%
2010
Congress Shall Make No Law...
27.6%
2012
Finer Moments
27.4%
2002
Zappa Picks - by Jonathan Fishman of Phish
26.8%
2002
Zappa Picks - by Larry LaLonde of Primus
26.8%
1998
Cucamonga
25.6%
2011
Feeding the Monkies at Ma Maison
24.8%
2012
Baby Snakes: The Compleat Soundtrack
20.8%
2002
Threesome No. 2 [Box Set]
19.1%
2002
Threesome No. 1 [Box Set]
19.1%
2003
For Collectors Only
15.7%
2014
The Frank Zappa AAAFNRAA Birthday Bundle
9.5%
2011
The Frank Zappa AAAFNRAAAAAM Birthday Bundle (2011)
9.1%
2006
The Frank Zappa AAAFNRAA Birthday Bundle (2006)
8.8%
2008
The Frank Zappa AAAFNRAAA Birthday Bundle (2008)
8.8%
2010
The Frank Zappa AAAFNRAAAA Birthday Bundle (2010)
8.8%
Quiz Playlist
Details
Report
Send in Message
Add To Playlist
More Info:
This is an updated quiz of Frank Zappa's material that includes anything released by him and posthumously by the Zappa Family Trust.
Classic:
Type in answers that appear in a list
Quiz Source
Last Updated: Feb 16, 2017
Quiz Scoreboard
CHALLENGE
Sign Up to Join the Scoreboard
Show All
Scores
Hide
Comments
May contain spoilers
Recently Published
An Introduction to Baseball
by treessimontrees
Sports
5m
Movies - When Are They Set?
by FPL_Elf
Movies
5m
Popular People in 1961
by mucciniale
History
6m
More to Explore
Quiz From the Vault
Featured Blog Post
Where Did the Easter Bunny Come From?
hide this ad
You Might Also Like...
Tags
Album Quiz
Discography
Frank Zappa
Released
Zappa
Today's Top Quizzes in Music
Browse Music
hide this ad
Today's Top Quizzes in Album
Browse Album
Top Contributed Quizzes in Music
1
Taylor Swift All Songs (2024)
2
Guess the Artist- 70s Songs
3
KPOP LOGIC QUIZ
4
One Thing in Common: Music
5
2010s Album by Cover III
6
Guess the Taylor Swift song (Mystery Song)
7
Taylor Swift Logic Puzzle
8
2010s Album by Cover IV
9
2010s Album by Cover V
10
Kpop Logic Quiz
Explore More
Trending Topics
Kpop
Disney
NBA
Harry Potter
Crossword
Marvel
Anime
Soccer
Country
The Office
NFL
Pokémon
Song
WWE
Puzzle
hide this ad
More By:
Metalmarsh89
Quiz
Plays
Rating
Category
Featured
Created
Word Ladder: Musical Menagerie
14,390
4.40
Just For Fun
Jan 16, 2013
Rush - 'The Spirit of Radio' Lyrics
1,563
4.62
Music
Jul 13, 2013
King Crimson - Songs from Studio Albums
1,333
5.00
Music
Feb 3, 2013
Progressive Rock Bands and Albums
877
4.67
Music
Jan 24, 2013
Dream Theater - Songs Without the Title in the Lyrics
874
4.71
Music
Dec 27, 2012
Go to Creator's Profile
Score Distribution
Quiz Creator Spotlight
Metalmarsh89
Follow
Send a Message
Quizzes Created
-
Created Quiz Play Count
-
More By This Creator
Popular Quizzes Today
1
Find the Countries of Europe - No Outlines Minefield
2
Find the US States - No Outlines Minefield
3
The Countries of the World
4
Popular People in 1961
5
US States
6
Find the US States
7
1-10 Letter E Words III
8
Risky Map Clicking: Biggest States A-Z
More Music Quizzes
Songs on Harry Styles' 'Harry's House'
Quiz Lab
Trending Quizzes
Risky Map Clicking: Least Populous States A-Z
1-10 Letter F Words
1-10 Letter G Words
One Thing in Common: United Kingdom
Not Quite an Element Typing Challenge
Recently Updated
Leaping Animals
pecheneg
Reality TV Shows (A-Z)
bhenderson79
Rickey Henderson's Hall of Fame Teammates
pecheneg
Champions League XIs: Arsenal
pecheneg
Quick Pick: Celebrities in WWE's Hall of Fame
aduchscher
A-Z Keypad Blitz II
pecheneg
Multiple Oscar Actors
pecheneg
Mystery Phrase Blitz: Oscar 'Best Actors'
pecheneg
F. Scott Fitzgerald Novels
LTH
Pick 3 Villains
ddd62291
Trending Topics
Marvel
Harry Potter
Crossword
NBA
Disney
Anime
Kpop
Soccer
The Office
Country
NFL
Song
WWE
Pokémon
Puzzle
Your Account Isn't Verified!
In order to create a playlist on Sporcle, you need to verify the email address you used during registration. Go to your
Sporcle Settings
to finish the process.
Report this User
Report this user for behavior that violates our
Community Guidelines
.
Details:
Send Report
Go to the Sporcle.com Mobile Site →
Comments